[Event "Danzhou 7th"]
[Site "Danzhou"]
[Date "2016.07.10"]
[Round "3"]
[White "Wang, Hao"]
[Black "Yu, Yangyi"]
[Result "1/2-1/2"]
[WhiteElo "2734"]
[BlackElo "2734"]
[Annotator "Bronznik,V"]
[PlyCount "139"]
[EventDate "2016.07.08"]
[EventType "tourn"]
[EventRounds "9"]
[EventCountry "CHN"]
[EventCategory "20"]
[SourceTitle "CBM 174"]
[Source "ChessBase"]
[SourceDate "2016.09.13"]
[SourceVersion "1"]
[SourceVersionDate "2016.09.13"]
[SourceQuality "1"]

1. e4 c5 2. c3 Nf6 3. e5 Nd5 4. Nf3 Nc6 5. Bc4 e6 ({Eine sehr verbreitete
Alternative ist hier} 5... Nb6) 6. d4 (6. O-O d6 7. d4 cxd4 8. cxd4 {würde
durch Zugumstellung zur Partie führen.}) 6... cxd4 7. cxd4 d6 8. O-O Be7 9. a3
O-O 10. Bd3 Bd7 11. Qc2 $5 {Wang Hao entscheidet sich für eine seltene, aber -
wie wir gleich sehen werden - ziemlich giftige Fortsetzung. In der Regel
erzwingt Weiß in solchen Positionen die Schwächung der gegnerischen
Königsposition mittels Qd1-e2-e4. Die Idee von Wang Hao besteht darin, den
Schwarzen zu Zugeständnissen am Königsflügel in einer etwas kürzeren Zeit zu
nötigen, auch wenn die Dame auf c2 dabei nicht optimal steht.} (11. Qe2 Rc8 12.
Qe4 f5 (12... g6 13. Bh6 Re8 14. Nbd2 dxe5 15. dxe5 Nb8 16. Qg4 Qb6 {[%cal
Rd7b5] (Antonio,R (2550) - Barbosa,O (2414)/Manila 2006} 17. Nc4 Qa6 18. a4 $1
$36) 13. exf6 Nxf6 14. Qh4 ({In seinem Buch "Beating the Abti-Sicilians"
betrachtet V. Kotronias} 14. Qe2 d5 15. Nc3 {, und jetzt} Bd6 ({oder} 15... Ne8
$5 16. Be3 Nd6 {[%cal Rd6f5]}) 16. Bg5 Nh5 $1 {[%cal Rh5f4] - Schwarz ist
absolut in Ordnung}) 14... d5 15. Bg5 h6 16. Bxh6 (16. Be3 $2 Ne4 17. Qh5 Rf5
18. Qg6 Rf6 19. Qh5 Be8 20. Qh3 Bg6 21. Ne5 Bf5 22. Qh5 Bd6 $36 {Schmitt,A 
(2226) - Bogdanov,E (2250)/France 2005}) (16. Nc3 $2 Qe8 $1 17. Bxf6 Bxf6 18.
Qg4 h5 19. Qg3 Nxd4 $17 {Maze,S (2573) - Gozzoli,Y (2561)/Saint - Quentin 2015}
) 16... gxh6 17. Qg3+ Kh8 18. Qg6 Ne4 19. Qxh6+ {Tsharotschkin,M (2243) -
Bronznik,V (2390)/Seefeld 2005, mit Dauerschach.}) 11... g6 (11... h6 {
schwächt die weißen Felder um den schwarzen König und sieht somit für den
Nachziehenden ziemlich gefährlich aus. Auch wenn dem Weißen laut meiner
Datenbank noch nie gelungen ist, seine Initiative zu verwerten, bieten die
entsprechenden Partien an einigen Stellen Raum für Verbesserungsversuche:} 12.
Qe2 (12. Nc3 Nxc3 (12... Rc8 13. Qe2 $40 {[%cal Re2e4]} Na5 $140 $2 14. Bxh6 $1
Nxc3 15. bxc3 gxh6 16. Qe4 f5 17. exf6 Rxf6 18. Qh7+ Kf8 19. Nh4 $18 {[%cal
Rd3g6,Rh4g6]}) 13. bxc3 (13. Qxc3 $5 {[%cal Rd3c2,Rc3d3,Rc3e1,Re1e4]}) 13...
dxe5 14. dxe5 Na5 (14... Qa5 $2 15. Qe2 f5 16. exf6 Rxf6 17. Rb1 $1 (17. Qe4
$143 $6 Qf5 18. Qe2 Qh5 $13 {Yuan,Y (2171 - Wang,J (2380)/Yangzhou Basque 
(Women) rapid 2016}) 17... Rb8 (17... Qc7 18. Qe4 $16 Rf5 $140 $6 19. g4) 18.
Rd1 $16 {[%cal Re2e4,Rc3c4,Rb1b5,Rc1b2]}) 15. Nd4 (15. Qe2 Nb3 16. Qe4 g6 17.
Bxh6 Nxa1 18. Bxf8 Bxf8 19. Rxa1 Bc6 $44) 15... Bc6 (15... Nc6 $5 16. Qe2 $140
Nxd4 17. cxd4 Bc6 18. Qg4 Kh8 19. Be3 Qd5 $13) 16. Re1 (16. Qe2 $5 Qd5 $13 {
, z. B.} 17. Nxc6 Qxc6 18. Bxh6 gxh6 19. Qg4+ Kh8 20. Qh3 Kg7 21. Qg3+ Kh8 22.
Qh3 Kg7 {mit Zugwiederholung}) 16... Bd5 17. Qe2 Rc8 18. Qg4 Bg5 19. f4 f5 (
19... Bh4 $2 20. f5 $1 $18 {[%cal Rf5f6,Rc1h6]}) 20. exf6 Qxf6 21. Nf3 Bxf4 22.
Bxf4 Bxf3 23. gxf3 Qxf4 24. Qxe6+ Kh8 25. Qg6 Qg5+ {1/2:1/2 Ruefenacht,M (2367)
- Turati,P (2459)/email 2008}) 12... f5 13. exf6 Rxf6 14. Qe4 Rf5 15. Nc3 Qf8
16. Nh4 Bxh4 17. Qxh4 g5 18. Qh5 (18. Qg4 $5) 18... Nf4 19. Bxf4 Rxf4 20. Ne2 (
20. d5 $5) 20... Rh4 21. Qg6+ Qg7 22. Qxg7+ (22. g3 $2 Qxg6 23. Bxg6 Nxd4 $17 {
Kleeschaetzky,R (2340) - Enders,P (2465)/Ol Nord 2001}) 22... Kxg7 23. g3 Rxd4
24. Nxd4 Nxd4 25. Be4 {, und Schwarz muss ums Remis kämpfen.} (25. f4 $5)) (
11... f5 {ist bestimmt spielbar, aber nach} 12. exf6 Nxf6 13. Nc3 Rc8 14. Qe2 {
hat Weiß im Vergleich zur Variante 11.Qe2 Rc8 12.Qe4 f5 13.exf6 Nxf6 14.Qe2 (s.
oben) ein Tempo mehr (sein Damenspringer steht bereits auf c3) und kann die
Eröffnung zumindest aus dieser Sicht als gelungen betrachten.} (14. Re1 $5) (
14. Be3 $5)) 12. Bh6 Re8 13. Nbd2 Rc8 $146 14. Qd1 dxe5 15. dxe5 Qc7 $6 {
Mit dem typischen Plan Re8-d8, Bd7-e8. Aber dieser Zug scheint mir etwas zu
paasiv zu sein und wie der weitere Verlauf der Partie bzw. die Varianten
zeigen, gerät Schwarz danach unter Druck. Daher macht es Sinn, an diese Stelle
nach anderen Möglichkeiten Umschau zu halten.} (15... b5 16. Qe2 $36 {[%cal
Ye2e4,Yh2h4,Rd3b5]} ({aber nicht} 16. Bxb5 $6 Nxe5 17. Bxd7 Nxf3+ 18. Nxf3 Qxd7
{mit leichtem Spiel für Schwarz})) (15... Qb6 $5 {[%cal Rc6d4]} 16. Nc4 (16. b4
Nd4 17. Nc4 Nxf3+ 18. Qxf3 Qd4 19. Rac1 Bc6 $132) (16. Re1 Nd4 (16... Qxb2 $2
17. Nc4 Qb5 18. Nd6 $16) 17. Nc4 Nxf3+ 18. Qxf3 Qb3 {[%cal Rc8c4]} 19. Qd1 Qxd1
20. Raxd1 Red8 $11) 16... Qc7 {[%cal Rb7b5]} 17. Rc1 (17. Re1 Na5 $5 18. Ncd2
Red8 19. Rc1 Qxc1 20. Qxc1 Rxc1 21. Rxc1 Ba4 $11) 17... b5 (17... Qb8 18. Qe2 {
[%cal Re2e4,Rh2h4]}) 18. Nd6 $5 (18. Ncd2 Qb6 $13 {[%cal Rb5b4,Rc6d4]} 19. Qe2
b4) 18... Bxd6 19. exd6 Qxd6 (19... Qb8 20. Re1 a6 21. Ng5 Qxd6 22. Ne4 Qe7 23.
Bb1 $44 {[%csl Gb1,Rf6,Rg7,Gh6][%cal Rb1a2] xf6, xg7}) 20. Bxb5 Nce7 21. Bd3 {
- Computer bewerten diese komplizierte Position als mehr oder weniger
ausgeglichen, ich würde jedoch wegen des Läuferpaares und der geschwächten
Position des gegnerischen Königs die weiße Stellung bevorzugen. In jedem Fall
kann es gut sein, dass die weiteren Versuche des Nachziehenden mit dieser
Variante verbunden werden sollen.}) 16. Qe1 (16. Rc1 $5) 16... Red8 ({Mein
Computer favorisiert} 16... f5 {, aber die Stellung nach} 17. exf6 Bxf6 18. Rb1
{scheint mir dank der Schwäche des Bauern e6 und der luftigen Stellung des
schwarzen König eindeutug besser für Weiß zu sein.}) 17. Qe4 {Weiß plant
Rf1-e1 gefolgt von h2-h4 oder von Bh6-g5.} (17. Rc1 $5 Qb8 18. Qe4) 17... b5 (
17... f5 18. exf6 Bxf6 19. Rab1 {[%csl Re6,Rg8] mit Vorteil.}) (17... Be8 18.
Rac1 $5 (18. h4 Nb6 $1 19. h5 $140 $2 Nd7 $17 {[%csl Re5][%cal Rd7c5]}) 18...
Nb6 19. Rfe1 $1 (19. h4 $2 Nd7 $1) 19... Qb8 (19... Nd7 20. Qf4 $36 {[%cal
Rd2e4,Rb2b4]}) 20. h4 $36) 18. Rfe1 {Mit der Drohung 19.Bxb5, wonach 19...Nxe5
an 20.Nxe5 Bxb5 21.Nxf7! scheitern würde.} (18. Bxb5 $6 Nxe5 19. Ba6 Nxf3+ 20.
Qxf3 Rb8 21. b4 Qb6 22. Bc4 Qd4 {[%cal Rd7c6,Rg6g5] , und Schwarz steht
mindestens nicht schlechter}) 18... Be8 $6 {Yu Yangui beendet den geplanten 
(und für solche Stellungen typischen) Aufbau und opfert dabei den Pb5 - wie
wir gleich sehen werden, war es keine glückliche Entscheidung. Natürlich hatte
er mehrere Alternativen, aber keine davon scheint mir für Ausgleich bzw.
ebenbürtiges Gegenspiel, ausreichend zu sein, z.B.:} (18... b4 19. a4 (19. h4
$5) 19... Na5 20. Qg4 $36 {[%cal Rh2h4]}) (18... a6 19. Rac1 (19. h4 $5) (19.
Rad1 $5) 19... Qb8 20. h4 $36) (18... Qb6 {(die Dame deckt den Pb5 und nimmt
unter Kontrolle das Feld d4, aber übt keinen Druck auf den Pe5 mehr)} 19. Qg4
$36 {[%cal Rd2e4,Rh6g5]}) 19. Bxb5 $1 Qb7 (19... Rb8 20. Bxc6 (20. a4 $5) 20...
Qxc6 (20... Bxc6 21. Rac1 Qb7 (21... Rxb2 22. Nd4 Rb6 23. Nc4 $16 {[%cal Rc4b6,
Rc4a5]} Ra6 $140 24. Na5 $1 Rxa5 25. Nxc6 Bxa3 26. Rc4 $1) 22. Nd4 Be8 23. Nc4
$16) 21. Bg5 $1 (21. Rac1 $5 Qa4 22. Nc4) 21... Bxg5 (21... Rxb2 $2 22. Bxe7
Nxe7 23. Qh4 $18 {[%cal Rd2e4]}) 22. Nxg5 h6 23. Ngf3 Qa4 (23... Rxb2 $2 24.
Qh4 $18 {[%cal Rh4h6,Rh4d8]}) 24. b4 a5 25. bxa5 Qxa5 26. Nc4 Qa4 27. Nd6 {
, und Schwarz hat keine ausreichende Kompensation für den fehlenden Bauern.})
20. Bf1 $1 {Wang Hao gibt den Bauern zurück, um dann die exponierte Lage der
gegnerischen Dame auszunützen.} (20. Bxc6 $6 Bxc6 $44) (20. a4 a6 21. Bf1 Na5
22. Rab1 Qb4 $5 23. Bxa6 Ra8 24. Bd3 Bxa4 25. Rec1 Bc6 26. Qxb4 (26. Bf1 Rab8)
26... Nxb4 27. Be4 Rab8 $44 {- Schwarz hat einen Minusbauern, aber seine
Aktivität am Damenflügel sollte fürs Remis ausreichen.}) 20... Qxb2 21. Reb1
Qc3 $8 22. Nc4 $1 {[%csl Rc3][%cal Rh6d2] Die Schwarze Dame ist in große
Gefahr. Um sie zu retten, bleibt Yu Yangyi nichts anderes übrig, als seine
eigene Bauernstruktur am Königsflügel zu kompromittieren.} f5 23. exf6 Qxf6 24.
Bg5 Qf5 25. Qh4 $16 Rc7 26. Re1 $1 {[%csl Re5,Re6]} Bxg5 27. Nxg5 Qf6 28. Rad1
Re7 29. Qg4 (29. g3 $1 $16 {[%cal Rf1h3,Rf1g2]}) 29... e5 30. Ne4 Qf4 31. Qxf4
exf4 32. Ncd6 Nc7 33. Rc1 Bd7 $2 {Das sollte zum Verlust führen.} ({Richtig war
} 33... Nd4 34. Nf6+ ({oder} 34. Rxc7 Rxc7 35. Nxe8 Re7 $1 36. N8f6+ Kg7 {
, und Schwarz behält Rettungsaussichten}) 34... Kf8 35. Rxe7 Kxe7 36. Ndxe8
Nxe8 37. Nxh7 $16 {- Weiß hat einen Mehrbauern, aber ganz von selbst lässt
sich seine Stellung (z.B. nach} Rd6 {) noch nicht gewinnen.}) 34. Nf6+ Kf8 35.
Re4 $2 ({Wang Hao verpasst die Möglichkeit} 35. Nde4 $1 Re6 36. Nxd7+ Rxd7 37.
Nc5 {, wonach Schwarz reines Gewissens aufgeben könnte.}) 35... Rxe4 36. Ndxe4
Ke7 37. Nxd7 ({Eine naheliegende Alternative war} 37. Nxh7 {, aber es ist
alles andere als klar, ob sich der weiße Mehrbauer z. B. nach} Ne6 {verwerten
lässt. nn} 38. Re1 (38. Nhg5) 38... Kf7 39. Nhg5+ Nxg5 40. Nxg5+ Kf6 41. Ne4+
Kf7 42. Rc1) 37... Kxd7 38. Nc5+ Kc8 {[%csl Rc8]} ({Vielleicht war} 38... Ke7
$5 {das kleinere Übel, auch wenn es den Schwarzen nach} 39. Nd3 {[%cal Rc1c6,
Rd3f4] einen Bauern kosten würde.}) 39. g3 $5 ({Auch hier hätte Weiß mittels} 
39. Nd3 {den Pf4 gewinnen können, aber die Fortsetzung von Wang Hao ist noch
unangenehmer.} Rd6 40. Nxf4) 39... f3 40. Bh3+ ({Sehr stark war das
prophylaktische} 40. h4 $1 {und später eventuell sogar noch Kg1-h2, wonach
sich die weißen Turm und Läufer mit dem schwarzen König bzw. mit dem Pf3
problemlos beschäftigen könnten, z.B.} Nd4 (40... Rd5 41. Bh3+ Kb8 42. Nd7+ (
42. Rb1+ Ka8 43. Bc8 Rxc5 44. Bb7+ Kb8 45. Bxc6+ Kc8 46. Bxf3) 42... Kb7 43.
Nf6 Rd6 44. Nxh7 {mit guten Gewinnchancen}) 41. Kh2 Kb8 ({es drohte} 41... Z0
42. Bh3+ Nf5 43. Ne6 Rd7 44. Rc5 $18) 42. Rb1+ Kc8 43. Bh3+ Nf5 44. Rc1 Rd6 45.
Bg4 Rb6 46. Bxf3 {- dieses Endspiel dürfte technisch gewonnen sein.}) 40... Kb8
41. Na6+ ({Warum der weiße h- Bauer lieber auf h4 stehen sollte, demonstriert
am besten die Variante} 41. Rc3 $4 Rd1+ 42. Bf1 Nd4 $19) 41... Kb7 42. Nxc7
Kxc7 43. Rc3 Rd1+ 44. Bf1 Kd6 45. Rxf3 {Der Anziehende gewann einen Bauern,
aber die gegnerischen Figuren stehen jetzt deutlich aktiver, als die weißen,
was die Verwertung dieses materiellen Vorteils sehr problematisch macht. Im
Endeffekt gelang es Yu Yangui, die Partie zu retten.} Ne5 46. Rf6+ Kc5 47. Kg2
Rd2 48. h3 a5 49. Ra6 Nc6 50. a4 Rb2 51. g4 g5 52. Ra8 Rb6 53. Re8 h6 54. Re6
Nd4 55. Rxb6 Kxb6 56. Kg3 Ne6 57. Kf3 Kc5 58. Ke4 Kb4 59. Kf5 Nd4+ 60. Ke4 Ne6
61. Bb5 Nc5+ 62. Kf5 Nxa4 63. Be8 Nc3 64. Kg6 Ne4 65. Kxh6 Nxf2 66. Kxg5 Nxh3+
67. Kf5 a4 68. Bxa4 Kxa4 69. g5 Nxg5 70. Kxg5 1/2-1/2

[Event "Brno-B"]
[Site "Brno"]
[Date "1995.??.??"]
[Round "7"]
[White "David, Pavel"]
[Black "Mudrak, Josef"]
[Result "1/2-1/2"]
[WhiteElo "2440"]
[BlackElo "2335"]
[Annotator "Bulletin"]
[PlyCount "151"]
[EventDate "1995.??.??"]
[EventType "tourn"]
[EventRounds "9"]
[EventCountry "CZE"]
[EventCategory "4"]
[SourceTitle "EXT 1999"]
[Source "ChessBase"]
[SourceDate "1998.11.16"]
[SourceVersion "1"]
[SourceVersionDate "1998.11.16"]
[SourceQuality "1"]

1. e4 c5 2. Nf3 d6 3. c3 Nd7 4. d4 Qc7 5. Bd3 Ngf6 6. O-O e5 7. dxe5 dxe5 8.
Qe2 Be7 9. a4 O-O 10. Na3 b6 11. Bg5 h6 12. Bh4 Bb7 13. Nc4 Rfe8 14. Bxf6 Bxf6
15. Ne3 Nf8 16. Qc2 a6 17. Bc4 g6 18. Rfd1 Bg7 19. Bd5 Bxd5 20. Rxd5 h5 21. Qb3
Bh6 22. Nc4 b5 23. Na3 Ne6 24. axb5 axb5 25. Rad1 b4 26. Nb5 Qa5 27. Nd6 Re7
28. Nxe5 Qa4 29. Qxa4 Rxa4 30. Nd3 Bg7 31. Nxc5 Ra2 32. cxb4 Rxb2 33. Nd3 Rb3
34. h4 (34. f4 $18) 34... Nd4 35. e5 (35. Kf1 $18) 35... Ne2+ 36. Kf1 Nc3 37.
Nc5 Rb2 38. f4 Nxd5 39. Rxd5 Rxb4 40. Nde4 Rb8 41. Nd7 Ra8 42. Kf2 Re6 43. Kg3
Rc6 44. Ndf6+ Bxf6 45. Nxf6+ Kg7 46. Rd4 Rc2 47. Kh3 Ra3+ 48. Kh2 Rc8 49. Rb4
Rca8 50. Rb6 R3a4 51. Kg3 Rd4 52. Rb3 Kh6 53. Rc3 Rb4 54. Rd3 Kg7 55. Rc3 Rb2
56. Kh3 Kf8 57. Rc7 Kg7 58. Rc3 Rba2 59. Rc6 R2a7 60. Rd6 Kf8 61. Kg3 Ra6 62.
Rd7 Rc6 63. Kh2 Kg7 64. Rd4 Rca6 65. Rd7 g5 66. hxg5 Kg6 67. Nd5 R6a7 68. Ne7+
Kh7 69. Rxa7 Rxa7 70. Nf5 Ra3 71. g3 Kg6 72. Ne7+ Kg7 73. Kh3 Ra1 74. Nf5+ Kf8
75. Nd6 Re1 76. Nf5 1/2-1/2

[Event "Brno-B"]
[Site "Brno"]
[Date "1995.??.??"]
[Round "9"]
[White "Majer, Jiri"]
[Black "Cicak, Slavko"]
[Result "1/2-1/2"]
[WhiteElo "2300"]
[BlackElo "2385"]
[Annotator "Bulletin"]
[PlyCount "118"]
[EventDate "1995.??.??"]
[EventType "tourn"]
[EventRounds "9"]
[EventCountry "CZE"]
[EventCategory "4"]
[SourceTitle "EXT 1999"]
[Source "ChessBase"]
[SourceDate "1998.11.16"]
[SourceVersion "1"]
[SourceVersionDate "1998.11.16"]
[SourceQuality "1"]

1. e4 c5 2. c3 g6 3. d4 cxd4 4. cxd4 d5 5. e5 Nc6 6. Nc3 Nh6 7. Be2 Bg7 8. h3
Nf5 9. Nf3 e6 10. g4 Nh4 11. Nxh4 Qxh4 12. Be3 f6 13. Qd2 O-O 14. exf6 Qxf6 15.
O-O-O Bd7 16. Kb1 a6 17. h4 b5 18. h5 b4 19. Na4 Nxd4 20. Nb6 Nxe2 21. Nxd7 Qe7
22. Qxe2 (22. Nxf8 Nc3+ 23. bxc3 bxc3 24. Qc2 Qb4+ 25. Ka1 Qb2+ 26. Qxb2 cxb2+
27. Kb1 $18) 22... Qxd7 23. hxg6 hxg6 24. f4 Rac8 25. Qd3 Qf7 26. Bd4 Bxd4 27.
Qxd4 Qf6 28. Qa7 Qf7 29. Qd4 Qg7 30. Rhe1 Rc6 31. Qxb4 Qc7 32. f5 gxf5 33. gxf5
Rxf5 34. Rg1+ Kf7 35. Qh4 Qf4 36. Rg4 Qf3 37. Qh7+ Ke8 38. Rg8+ Rf8 39. Qg6+
Qf7 40. Rxf8+ Kxf8 41. Qh6+ Ke7 42. a3 Qf2 43. Qh7+ Kd6 44. Ka1 Qc2 45. Qh5 Rb6
46. Rb1 d4 47. Qe8 Kd5 48. Qd7+ Rd6 49. Qb7+ Qc6 50. Qb3+ Qc4 51. Qf3+ Kc5 52.
Qf4 Qd5 53. Rc1+ Kb6 54. Qf8 Rd8 55. Qb4+ Qb5 56. Qe7 Qd7 57. Qb4+ Ka7 58. Qc5+
Kb7 59. Qb4+ Qb5 1/2-1/2

[Event "Seville op"]
[Site "Seville"]
[Date "1993.??.??"]
[Round "8"]
[White "Rodriguez Talavera, Juan Carlos"]
[Black "Veingold, Aleksandr"]
[Result "1-0"]
[WhiteElo "2350"]
[BlackElo "2475"]
[Annotator "Bulletin"]
[PlyCount "69"]
[EventDate "1993.01.??"]
[EventType "swiss"]
[EventRounds "10"]
[EventCountry "ESP"]
[SourceTitle "CBM 038"]
[Source "ChessBase"]
[SourceDate "1994.02.01"]
[SourceVersion "1"]
[SourceVersionDate "1994.02.01"]
[SourceQuality "1"]

1. e4 c5 2. c3 d5 3. exd5 Qxd5 4. d4 e6 5. Nf3 Nf6 6. Na3 Nc6 (6... Qd8) 7. Nb5
Qd8 8. dxc5 Bxc5 9. Qxd8+ Kxd8 10. Bf4 Nd5 11. Bg3 $1 (11. Rd1 Ke7) 11... a6 $6
(11... Ke7) 12. Nd6 Ke7 13. Ne4 Ba7 14. Bd6+ Ke8 15. Ba3 $16 Bb8 16. O-O-O b6
17. Bc4 {/\ Bb3,c4} Nce7 18. Rhe1 Bb7 19. Bb3 b5 {x c5} 20. Nc5 Bc6 21. Nd4 $18
b4 22. Nxc6 bxa3 23. Bxd5 Bf4+ 24. Kc2 Nxd5 25. Rxd5 Rc8 26. Nd3 (26. Red1 Rxc6
(26... exd5 27. Re1+ Kf8 28. Nd7+ Kg8 29. Ne7#) 27. Rd8+ Ke7 28. R1d7+ Kf6 29.
Ne4+ Ke5 30. Rxh8 Kxe4 31. Rxf7) 26... Bxh2 27. Ncb4 axb2 28. Rh5 Bd6 29. Kxb2
Ke7 30. Nd5+ Kd8 31. Ne3 f5 32. Rh4 Rb8+ 33. Kc2 g6 34. Ra4 Kd7 35. Rd1 1-0

[Event "SUI-chT"]
[Site "Switzerland"]
[Date "1996.??.??"]
[Round "5"]
[White "Sokolov, Andrei"]
[Black "Costa, Jean Luc"]
[Result "1/2-1/2"]
[WhiteElo "2585"]
[BlackElo "2395"]
[Annotator "Bulletin"]
[PlyCount "76"]
[EventDate "1996.??.??"]
[EventType "team-tourn"]
[EventRounds "9"]
[EventCountry "SUI"]
[SourceTitle "CBM 055 Extra"]
[Source "ChessBase"]
[SourceDate "1997.01.01"]
[SourceVersion "1"]
[SourceVersionDate "1997.01.01"]
[SourceQuality "1"]

1. e4 c5 2. Nf3 e6 3. c3 Nf6 4. e5 Nd5 5. d4 cxd4 6. cxd4 b6 7. Bd3 Ba6 8. O-O
Qc8 9. Bxa6 Nxa6 10. a3 Be7 11. Bg5 f6 12. exf6 gxf6 13. Bh6 $6 (13. Bh4 $5)
13... Qb7 14. Nc3 Nac7 15. Rc1 Nxc3 16. Rxc3 Bd6 17. Qd3 Kf7 18. Ne5+ Bxe5 (
18... fxe5 19. dxe5 Bxe5 20. Qxd7+ Kg6 21. Rg3+ Bxg3 22. Qg7+ Kf5 23. fxg3+ Ke4
24. Rd1 Rae8 (24... Rhg8 25. Rd4+ Kf5 26. Rf4#) (24... Rad8 25. Qg4+ Ke5 26.
Bg7#) 25. Qg4+ Ke5 26. Bg7#) 19. dxe5 Nd5 20. Qf3 Rhg8 21. exf6 Rg6 22. Bg7 Rb8
23. Rc4 Nxf6 24. Qxb7 Rxb7 25. Bxf6 Kxf6 26. f4 d5 27. Rc8 $6 (27. Rc6 Rbg7 28.
g3 $14) 27... Rgg7 28. Kf2 Rbc7 29. Rc1 Rxc1 30. Rxc1 e5 31. Rc6+ Kf5 32. fxe5
Kxe5 33. g3 Kd4 34. Ke2 Re7+ 35. Kd2 Rf7 36. Ke2 Re7+ 37. Kd2 Rf7 38. Ke2 Re7+
1/2-1/2

[Event "Landesliga Nord 9495"]
[Site "Bayern"]
[Date "1995.??.??"]
[Round "?.2"]
[White "Karlik, Jiri"]
[Black "Siepelt, Heiner"]
[Result "1-0"]
[WhiteElo "2355"]
[BlackElo "2360"]
[Annotator "Bulletin"]
[PlyCount "87"]
[EventDate "1994.10.09"]
[EventType "team-tourn"]
[EventRounds "9"]
[EventCountry "GER"]
[SourceTitle "EXT 1999"]
[Source "ChessBase"]
[SourceDate "1998.11.16"]
[SourceVersion "1"]
[SourceVersionDate "1998.11.16"]
[SourceQuality "1"]
[WhiteTeam "Kelheim"]
[BlackTeam "Kitzingen SC"]
[WhiteTeamCountry "GER"]
[BlackTeamCountry "GER"]

1. e4 c5 2. c3 g6 3. d4 cxd4 4. cxd4 d5 5. e5 Bg7 6. Nc3 Nc6 7. g3 Nh6 8. Bg2
e6 9. Nge2 Nf5 10. O-O f6 11. f4 fxe5 12. dxe5 O-O 13. Rf3 b5 14. Rf2 Bd7 15.
Nxb5 Nxe5 16. Ned4 Nxd4 17. Nxd4 Ng4 18. Rc2 Qb6 19. Qxg4 Qxd4+ 20. Kh1 Rac8
21. Rxc8 Rxc8 22. Qe2 Qa4 23. h4 Rc2 24. Qe1 Qc4 (24... Bxb2 $17) 25. h5 Qe2
26. Qxe2 Rxe2 27. Bf1 Re1 $17 28. Kg2 Bd4 29. hxg6 hxg6 30. Bd3 Be3 31. Bxe3
Rxa1 32. Bxg6 Rxa2 33. Bd4 Ra4 34. Be5 d4 35. g4 Rb4 36. Kg3 Rxb2 37. Bxd4 Rb3+
38. Kh4 a5 39. Kg5 Rb4 40. Be5 Rb5 $10 41. Kf6 $16 Rxe5 $2 42. fxe5 a4 43. Bf7+
Kf8 44. g5 1-0

[Event "URS-ch46 First League"]
[Site "Ashkhabad"]
[Date "1978.??.??"]
[Round "10"]
[White "Timoscenko, Gennadij A"]
[Black "Kochyev, Alexander"]
[Result "1-0"]
[WhiteElo "2530"]
[BlackElo "2555"]
[Annotator "Bulletin"]
[PlyCount "107"]
[EventDate "1978.10.??"]
[EventType "tourn"]
[EventRounds "17"]
[EventCountry "URS"]
[EventCategory "10"]
[SourceTitle "MCL"]
[Source "ChessBase"]
[SourceDate "1999.07.01"]
[SourceVersion "1"]
[SourceVersionDate "1999.07.01"]
[SourceQuality "1"]

1. e4 c5 2. Nf3 e6 3. c3 d5 4. exd5 exd5 5. d4 Nc6 6. Be2 Bd6 7. dxc5 Bxc5 8.
O-O Nge7 9. Nbd2 O-O 10. Nb3 Bb6 11. Bg5 Qd6 12. Qd2 Bc7 13. Rad1 Re8 14. Rfe1
Bg4 15. g3 Bb6 16. Nfd4 Qd7 17. Bxg4 Qxg4 18. Bxe7 Rxe7 19. Rxe7 Nxe7 20. Re1
Nc6 21. Kg2 h6 (21... Bxd4 22. Nxd4 Nxd4 23. Qxd4 Qxd4 24. cxd4 Kf8 25. Rc1 Re8
26. Kf3 $1 $16 Re4) 22. h3 Qd7 23. Qf4 Bc7 $2 (23... Re8 24. Rxe8+ Qxe8 $10)
24. Qf3 Nxd4 25. Nxd4 g6 26. Qe3 h5 27. Qe7 Rd8 28. Qg5 Bd6 29. Qxd5 Bf8 30.
Qxd7 Rxd7 31. Re8 Kg7 32. Kf3 Rd6 33. h4 Ra6 34. Rb8 Rb6 35. b4 Bd6 36. Rd8 Be5
37. a4 Ra6 38. a5 b6 39. Rd5 Bxd4 40. cxd4 $18 bxa5 41. bxa5 Re6 42. Re5 Ra6
43. Ke3 Kf8 44. Kd3 f6 45. Rc5 Ke7 46. f4 Kd7 47. d5 Ke7 48. Kd4 Kd6 49. Rb5
Kd7 50. f5 g5 51. hxg5 fxg5 52. Ke5 h4 53. gxh4 gxh4 54. f6 1-0

[Event "URS-ch U26"]
[Site "Tbilisi"]
[Date "1989.??.??"]
[Round "?"]
[White "Rozentalis, Eduardas"]
[Black "Timoshenko, Georgy"]
[Result "1-0"]
[WhiteElo "2485"]
[BlackElo "2530"]
[Annotator "Bulletin"]
[PlyCount "51"]
[EventDate "1989.01.??"]
[EventType "tourn"]
[EventRounds "15"]
[EventCountry "URS"]
[EventCategory "9"]
[SourceTitle "CBM 012"]
[Source "ChessBase"]
[SourceDate "1989.10.01"]
[SourceVersion "1"]
[SourceVersionDate "1989.10.01"]
[SourceQuality "1"]

1. e4 c5 2. Nf3 e6 3. c3 d5 4. exd5 exd5 5. d4 c4 $6 6. g3 $1 {N} Bd6 7. Bg2
Ne7 8. O-O Nbc6 9. b3 cxb3 10. axb3 O-O 11. Na3 a6 12. Nc2 Bf5 13. Nh4 Be4 14.
f3 Bxc2 15. Qxc2 Qd7 16. f4 $1 b5 17. f5 f6 18. Be3 Bc7 19. Qd3 Bb6 20. g4 $1
b4 $2 21. c4 $1 dxc4 22. Qxc4+ Kh8 23. Ng6+ $1 Nxg6 (23... hxg6 24. Rf3 $1 $18)
24. Bxc6 Qe7 25. Rae1 Nh4 26. Bf2 1-0